BIBLIOTECA

SENCICO
Vista normal Vista MARC

Entrada Nombre personal

Número de registros utilizados en: 3

001 - CONTROL NUMBER

  • control field: 223

003 - CONTROL NUMBER IDENTIFIER

  • control field: PE SENCICO BE

005 - DATE AND TIME OF LATEST TRANSACTION

  • control field: 20260210204102.0

008 - FIXED-LENGTH DATA ELEMENTS

  • fixed length control field: 260210|| aca||aabn | a|a d

040 ## - CATALOGING SOURCE

  • Original cataloging agency: PE SENCICO BE

100 1# - ENCABEZADO--NOMBRE PERSONAL

  • Nombre personal: Svensen, Carl L.